00824nam a2200241 a 4500999001500000001000500015003000900020005001700029008004100046020001500087040003300102082002000135245007800155250001200233260004700245300004600292500002000338650003800358650003000396700002600426942001200452952011800464 c5864d58644410BD-DhUAP20201222102302.0201222s1997 nyua b 001 0 eng d a0471156582 aDLCcDLCdDLCdBD-DhUAPbeng00a658.048 NON223 aThe nonprofit handbook : bfund raising /cedited by James M. Greenfield. a2nd ed. aNew York : bJohn Wiley and Sons,cc1997. axxv, 716 pages :billustrations ;c26 cm. aIncludes index. aNonprofit organizationsvFinance. aTotal quality management. aGreenfield, James M. 002ddccBK 00102ddc4070aUAPCLbUAPCLcGeneral Stacksd2020-12-22o658.048 NONp3010004410r2020-12-22t1w2020-12-22yBK